| 000 | 01071cab a2200301 4500 | ||
|---|---|---|---|
| 001 | ABS67409 | ||
| 008 | 040203n2004 000 0 eng u | ||
| 035 | _a(Sirsi) u124994 | ||
| 100 | _aSimpkins, E. | ||
| 245 | _aAny happy returns? | ||
| 260 | _c2004 | ||
| 490 |
_aRICS Business _vFebruary 2004, 22-24(3) |
||
| 520 | _aReviews property investment returns in 2003 and looks forward to 2004, when analysts expect high spending from institutional investors but reduced returns over the year. Table covers total returns forecasts. | ||
| 590 | _aABS | ||
| 650 | _aRENTS | ||
| 650 | _aPRICING | ||
| 650 | _aINSTITUTIONAL INVESTORS | ||
| 650 | _aEQUITIES | ||
| 650 | _aPROPERTY-COMMERCIAL PROPERTY-RETAIL PROPERTY-RETAIL PROPERTY MARKET | ||
| 650 | _aINDUSTRIAL MARKET | ||
| 650 | _aPROPERTY-COMMERCIAL PROPERTY-OFFICE PROPERTY-OFFICE PROPERTY MARKET | ||
| 650 | _aPRIVATE INVESTORS | ||
| 650 | _aINVESTORS | ||
| 650 | _aRETURNS | ||
| 650 | _aYIELDS | ||
| 690 | _aPROPERTY-COMMERCIAL PROPERTY-COMMERCIAL PROPERTY FINANCE AND INVESTMENT | ||
| 942 | _n0 | ||
| 999 |
_c74103 _d74103 |
||